Basic development plan for the Calcutta Metropolitan District, 1966-1986. (Record no. 77933)
[ view plain ]
| 000 -LEADER | |
|---|---|
| fixed length control field | 00685cam a22002171 4500 |
| 001 - CONTROL NUMBER | |
| control field | sa 68001428 |
| 003 - CONTROL NUMBER IDENTIFIER | |
| control field | DLC |
| 005 - DATE AND TIME OF LATEST TRANSACTION | |
| control field | 20260227112433.0 |
| 008 - FIXED-LENGTH DATA ELEMENTS--GENERAL INFORMATION | |
| fixed length control field | 710903s1966 ii ab 000 0 eng |
| 010 ## - LIBRARY OF CONGRESS CONTROL NUMBER | |
| LC control number | sa 68001428 |
| 025 ## - OVERSEAS ACQUISITION NUMBER | |
| Overseas acquisition number | PL480:I-E-7946 |
| 040 ## - CATALOGING SOURCE | |
| Original cataloging agency | DLC |
| Transcribing agency | DLC |
| Modifying agency | DLC |
| 043 ## - GEOGRAPHIC AREA CODE | |
| Geographic area code | a-ii--- |
| 050 00 - LIBRARY OF CONGRESS CALL NUMBER | |
| Classification number | HT169.I52 |
| Item number | C35 |
| 082 00 - DEWEY DECIMAL CLASSIFICATION NUMBER | |
| Classification number | 301.3/4/095414 |
| 110 1# - MAIN ENTRY--CORPORATE NAME | |
| Corporate name or jurisdiction name as entry element | West Bengal. |
| Subordinate unit | Calcutta Metropolitan Planning Organisation. |
| 245 10 - TITLE STATEMENT | |
| Title | Basic development plan for the Calcutta Metropolitan District, 1966-1986. |
| 260 ## - PUBLICATION, DISTRIBUTION, ETC. | |
| Place of publication, distribution, etc. | [Calcutta] |
| Date of publication, distribution, etc. | 1966. |
| 300 ## - PHYSICAL DESCRIPTION | |
| Extent | x, 176 p. |
| Other physical details | illus., maps (part col., fold.) |
| Dimensions | 33 cm. |
| 650 #0 - SUBJECT ADDED ENTRY--TOPICAL TERM | |
| Topical term or geographic name entry element | City planning |
| Geographic subdivision | India |
| -- | Kolkata Metropolitan Area. |
No items available.